Sports Quiz

Random Sports or WWE Quiz

Wrestlers with only one video game appearance Quiz Stats

 Plays Quiz not verified by Sporcle

Score 0/114 Timer 20:00
0 Plays Today
Game Wrestler % Correct
WWF No MercyLinda McMahon
31.3%
WWF Raw (1994)Luna Vachon
30.7%
WWF WrestlefestDemolition Smash
27.3%
WWE Smackdown vs. Raw 2008Marcus Cor Von
27.3%
WWF No MercyMae Young
25.3%
WWF Smackdown: Know Your RolePete Gas
25.3%
WWF Smackdown: Know Your RoleJoey Abs
24.7%
WWF Smackdown: Know Your RoleRodney
24.7%
WWE SmackDown! Shut Your MouthMaven
23.3%
WWE 2K14Darren Young
21.3%
WWF Raw (1994)Kwang
21.3%
WWE 2K14Roman Reigns
21.3%
WWE 2K14Seth Rollins
20.7%
WWF No MercyFabulous Moolah
20.7%
WWF AttitudeHead
19.3%
ECW Hardcore RevolutionTommy Rich
19.3%
WWE Smackdown vs. Raw 2009Bushwhacker Luke
19.3%
WWE RawFred Durst
19.3%
WWE Smackdown vs. Raw 2009Bushwhacker Butch
18.7%
WWE RAW 2Jamie Noble
18%
WWE SmackDown! vs. RAW 2006Rob Conway
18%
WWE SmackDown vs. Raw 2007Joey Mercury
17.3%
WWF AttitudeKurrgan
17.3%
WCW Backstage AssaultDavid Flair
16.7%
WWE '13Hunico
16.7%
WWF Rage in the CageSamu
16.7%
WWE SmackDown! Here Comes The PainSean O'Haire
16.7%
WWE '12Husky Harris
16%
WWE Smackdown vs. Raw 2009Jimmy Wang Yang
16%
WWE '12Mason Ryan
15.3%
WWE 2K14Titus O’Neil
15.3%
WWE '12Alex Riley
15.3%
WWE Smackdown vs. Raw 2009Curt Hawkins
14.7%
WWE 2K14Kaitlyn
14.7%
WWE SmackDown vs. Raw 2007Paul Burchill
14.7%
WWE 2K14Fandango
14.7%
WCW Backstage AssaultVince Russo
14.7%
WWE SmackDown! vs. RAW 2006Sylvain Grenier
14%
Game Wrestler % Correct
WCW Backstage AssaultVampiro
14%
WWF Wrestlemania (1991)The Warlord
14%
WCW Backstage AssaultJohnny The Bull
14%
WWE SmackDown vs. Raw 2011Vance Archer
13.3%
WCW Backstage AssaultDon Harris
13.3%
WWE Day of Reckoning 2Kenzo Suzuki
13.3%
WWF Wrestlemania 2000The Blue Meanie
13.3%
WCW ThunderRocco Rock
13.3%
WCW Backstage AssaultRon Harris
13.3%
WWE SmackDown! Here Comes The PainRodney Mack
12.7%
WWE 2K14Big E. Langston
12.7%
WWE 2K14Dean Ambrose
12.7%
WWE 2K14Tamina Snuka
12.7%
WCW ThunderNitro Girl AC Jazz
12%
WWF No MercyEarl Hebner
12%
ECW Anarchy RulzMikey Whipwreck
10.7%
WWE WrestleMania 21Teddy Long
10.7%
WWE '13Kharma
10.7%
WCW MayhemBobby Eaton
10%
WWE SmackDown! vs. RAW 2006Joy Giovanni
10%
WCW Backstage AssaultShane Douglas
10%
WWE Smackdown vs. Raw 2008Kenny Dykstra
10%
WCW ThunderVincent
9.3%
WWE SmackDown! Here Comes The PainHillbilly Jim
9.3%
ECW Anarchy RulzDawn Marie
9.3%
WWF No MercyHoward Finkel
9.3%
WCW Backstage AssaultCrowbar
9.3%
WCW Backstage AssaultHugh Morrus
8.7%
WCW Backstage AssaultMadusa
8.7%
WCW Backstage AssaultChris Candido
8.7%
Legends of WrestlingNikita Koloff
8.7%
WWF Wrestlemania 2000Terri Runnels
8%
WCW Backstage AssaultThe Wall
8%
WWE 2K14Cameron
8%
WWE 2K14Naomi
8%
WWE 2K14Summer Rae
7.3%
WCW Backstage AssaultEvan Karagias
7.3%
WWE 2K14Paige
7.3%
Game Wrestler % Correct
WCW ThunderJohnny Grunge
7.3%
Legends of Wrestling IIBig Daddy
7.3%
WCW Backstage AssaultDaffney
7.3%
WWE RAW 2Chris Nowinski
6.7%
WCW MayhemBobby Blaze
6.7%
WWE WrestleMania 21 Miss Jackie
6%
ECW Hardcore RevolutionBeulah McGillicutty
6%
WCW WrestlingKevin Sullivan
6%
ECW Hardcore RevolutionAxl Rotten
6%
WWE SmackDown vs. Raw 2011DH Smith
5.3%
WCW ThunderNitro Girl Whisper
5.3%
WCW Backstage AssaultMajor Gunns
5.3%
ECW Hardcore RevolutionTracey Smothers
5.3%
WCW ThunderNitro Girl Spice
5.3%
WCW ThunderNitro Girl Chae
4.7%
Legends of Wrestling IIGiant Haystacks
4.7%
WCW ThunderMike Tenay
4%
WCW Backstage AssaultTank Abbott
4%
WCW MayhemLizmark Jr
4%
ECW Anarchy RulzLou E Dangerously
3.3%
WCW ThunderTony Schiavone
3.3%
WCW ThunderNitro Girl Tygress
3.3%
WCW Backstage AssaultAsya
3.3%
WCW MayhemBobby Duncum Jr
2.7%
WCW/nWo World TournWo Sting
2.7%
WWE 2K14Brad Maddox
2.7%
ECW Anarchy RulzElektra
2.7%
ECW Hardcore RevolutionLouie Spicolli
2%
Legends of Wrestling IIKendo Nagasaki
2%
Legends of Wrestling IIMick McManus
2%
ECW Anarchy RulzThe Prodigy
2%
WCW MayhemKenny Kaos
2%
ECW Hardcore RevolutionHarry Slash
1.3%
ECW Anarchy RulzJim Molineaux
1.3%
ECW Anarchy RulzJohn Finnegan
1.3%
WCW ThunderLee Marshall
1.3%
WWE WrestleMania 21El Gran Luchadore
1.3%
Legends of Wrestling IIHuracan Ramirez
1.3%

You're not logged in!

Compare scores with friends on all Sporcle quizzes.
OR
Log In

Show Comments

Extras

Top Quizzes Today


Score Distribution

Your Account Isn't Verified!

In order to create a playlist on Sporcle, you need to verify the email address you used during registration. Go to your Sporcle Settings to finish the process.

Report this User

Report this user for behavior that violates our Community Guidelines.

Details: